000 00599nam a2200181Ia 4500
008 090123s9999 xx 000 0 und d
082 _b10576
100 _aखळगांवकर विजया
245 _aसुशोभित भरतकला
250 _a2
260 _bखळगांवकर श्री.वा.
_c1984
300 _a162
600 _aखळगांवकर विजया
630 _aसुशोभित भरतकला
700 _aखळगांवकर विजया
730 _aसुशोभित भरतकला
942 _cBOOK
999 _c48642
_d48642